Statistiques concernant Géographie codée

Cliquez ici pour prendre le quiz!

Statistiques générales

  • Ce quiz a été pris 185 fois
  • Le résultat moyen est 18 sur 20

Statistiques - réponses

HintRéponse% Correct
16-1-18-9-19Paris
98%
5-22-5-18-5-19-20Everest
96%
9-20-1-12-9-5Italie
96%
1-13-1-26-15-14-5Amazone
94%
16-8-9-12-9-16-16-9-14-5-19Philippines
94%
1-12-16-5-19Alpes
91%
19-21-13-1-20-18-1Sumatra
91%
20-1-13-9-19-5Tamise
91%
2-18-1-19-9-12-9-1Brasilia
90%
17-1-20-1-18Qatar
90%
13-9-19-19-15-21-18-9Missouri
89%
3-8-9-12-9Chili
88%
8-1-23-1-9-9Hawaii
88%
19-1-8-1-18-1Sahara
88%
15-19-12-15Oslo
87%
13-5-18 14-15-9-18-5Mer Noire
86%
13-15-14-20-18-5-1-12Montréal
85%
16-1-3-9-6-9-17-21-5Pacifique
85%
19-25-4-14-5-25Sydney
85%
26-1-13-2-9-5Zambie
85%

Distribution des résultats

Percentile par nombre de réponses

% des personnes avec chaque résultat

Votre développement - résultats

Vous n’avez pas pris ce quiz